000 01457nam a2200397 a 4500
003 CHAP
005 20220329143116.0
008 060420d2005 mx 00010 spa d
010 _a92049
011 _a93021
020 _a9680202283
035 _a103592
040 _cCHAP
090 _aCD-181
100 0 0 _aVenegas Delgado, Hernán.
_9118678
245 1 0 _aHistoria regional y local nuevas perspectivas teóricas y prácticas [Disco compacto]
_c/por Hernan Venegas Delgado, Alfredo Castellanos Suárez y Ramón Rivera Espinosa
260 _aChapingo, Méx. :
_bUACH,
_c2005
300 _a1 disco compacto
_c4 3/4 plgs.
590 _aBATCH-UPD
_b10
_c20130110
_lUCH01
_h0242
590 _aBATCH-UPD
_b10
_c20130110
_lUCH01
_h1315
590 _aBATCH-UPD
_b10
_c20130409
_lUCH01
_h2311
590 _aBATCH-UPD
_b10
_c20130410
_lUCH01
_h1305
590 _aBATCH-UPD
_b10
_c20130914
_lUCH01
_h0856
590 _aCONVERSION
_b10
_c20130109
_lUCH01
_h1351
650 1 4 _aCuba
_xCondiciones sociales.
_929948
650 1 4 _aEmigración e inmigración.
_936517
650 1 4 _aEsclavitud.
_937482
650 1 4 _aHistoriografía.
_955652
700 0 _aCastellanos Suárez, José Alfredo.
_920024
700 1 _aRivera Espinosa, Ramón.
_997637
901 _aBK
942 _cCD
949 _aCD-181
_bBC
_cCD
_d33724000984480
_eCD
_i103592
_sb
949 _aCD-181
_bBC
_cCD
_d33724002221644
_eCD
_fc.3
_i103592
_sb
949 _aCD-181
_bBC
_cCD
_d33724002223173
_eCD
_fc.2
_i103592
_sb
999 _c92049
_d92049